[Event "Vienna Lugner City sim"]
[Site "Vienna"]
[Date "2005.04.16"]
[Round "?"]
[White "Karpov, Anatoly"]
[Black "Musilek, Adalbert"]
[Result "1-0"]
[WhiteElo "2674"]
[BlackElo "1695"]
[PlyCount "93"]
[EventDate "2005.04.16"]
[EventType "simul"]
[EventRounds "1"]
[EventCountry "AUT"]
[SourceTitle "EXT 2007"]
[Source "ChessBase"]
[SourceDate "2006.11.23"]
[SourceVersion "1"]
[SourceVersionDate "2006.11.23"]
[SourceQuality "1"]

1. d4 d5 2. c4 e6 3. Nc3 Nf6 4. Nf3 Be7 5. Bf4 a6 6. e3 0-0 7. c5 b6 8. cxb6 cxb6 9. Rc1 Bb7 10. Be2 Nbd7 11. 0-0 Nh5 12. Be5 Nxe5 13. dxe5 g6 14. Qb3 Rc8 15. Rfd1 b5 16. a3 Rc7 17. Na2 Rxc1 18. Nxc1 Qb8 19. Nd3 Rc8 20. a4 Bc6 21. Nd4 Bd7 22. axb5 Bxb5 23. Bxh5 gxh5 24. Nxb5 Qxb5 25. Qxb5 axb5 26. Kf1 Rc4 27. h3 Kg7 28. Ke2 Bd8 29. Kf3 Bc7 30. Ra1 Bb6 31. Ra6 Bd8 32. Ra7 Rc6 33. Rb7 Rb6 34. Rd7 Bg5 35. g3 Rb8 36. h4 Bh6 37. Nb4 Kf8 38. Rc7 Rb6 39. Ke2 Kg8 40. Nc6 Bf8 41. Nd8 Bg7 42. Nxf7 h6 43. f4 Bf8 44. Nd8 Bb4 45. Rc6 Rxc6 46. Nxc6 Bc5 47. Nd8 1-0

[Event "Baden op-B 30th"]
[Site "Baden"]
[Date "2002.04.27"]
[Round "2.4"]
[White "Wiesauer, Alois"]
[Black "Musilek, Adalbert"]
[Result "1-0"]
[WhiteElo "1539"]
[BlackElo "1683"]
[PlyCount "87"]
[EventDate "2002.04.26"]
[EventType "swiss"]
[EventRounds "5"]
[EventCountry "AUT"]
[SourceTitle "EXT 2003"]
[Source "ChessBase"]
[SourceDate "2002.11.25"]
[SourceVersion "1"]
[SourceVersionDate "2002.11.25"]
[SourceQuality "1"]

1. e4 c6 2. d4 d5 3. e5 Bf5 4. Nf3 e6 5. Be2 Nd7 6. Nc3 Qb6 7. a3 c5 8. Na4 Qa5+ 9. c3 b5 10. Nxc5 Nxc5 11. dxc5 a6 12. b4 Qc7 13. Be3 Be4 14. Bd4 Ne7 15. a4 Rb8 16. axb5 axb5 17. Ra5 Qc6 18. Bd3 Bxd3 19. Qxd3 Nf5 20. 0-0 Be7 21. Rfa1 0-0 22. Ra6 Qc8 23. g4 Nh4 24. Ra7 Nxf3+ 25. Qxf3 Bd8 26. Qg3 Bc7 27. f4 Rb7 28. R7a6 Rb8 29. g5 g6 30. h4 Qb7 31. c6 Qc8 32. Qg4 Qd8 33. h5 Kg7 34. Bc5 Re8 35. Kg2 Bb6 36. Bd6 Rc8 37. hxg6 hxg6 38. Qe2 Bc7 39. Bxc7 Rxc7 40. Qxb5 d4 41. Rd1 Qd5+ 42. Qxd5 exd5 43. Rxd4 Rec8 44. b5 1-0

[Event "Baden op-B 30th"]
[Site "Baden"]
[Date "2002.04.26"]
[Round "1.11"]
[White "Musilek, Adalbert"]
[Black "Gerhold, Christoph"]
[Result "1-0"]
[WhiteElo "1663"]
[BlackElo "1428"]
[PlyCount "79"]
[EventDate "2002.04.26"]
[EventType "swiss"]
[EventRounds "5"]
[EventCountry "AUT"]
[SourceTitle "EXT 2003"]
[Source "ChessBase"]
[SourceDate "2002.11.25"]
[SourceVersion "1"]
[SourceVersionDate "2002.11.25"]
[SourceQuality "1"]

1. d4 d5 2. c4 Nc6 3. Nf3 Nf6 4. Nc3 Bf5 5. Bf4 e6 6. e3 Bb4 7. Rc1 Ne4 8. Qb3 Rb8 9. cxd5 exd5 10. Be2 Bxc3+ 11. bxc3 0-0 12. 0-0 Bg4 13. Qd1 Re8 14. c4 dxc4 15. Rxc4 Nf6 16. Re1 Nh5 17. Bg3 Nxg3 18. hxg3 Bxf3 19. Bxf3 Re6 20. d5 Ne5 21. dxe6 Nxc4 22. exf7+ Kxf7 23. Bd5+ Kf8 24. Bxc4 Qxd1 25. Rxd1 Ke7 26. Kf1 Kf6 27. Rd7 Rc8 28. Ke2 h6 29. f4 g5 30. Kf3 Kf5 31. e4+ Kf6 32. e5+ Kg6 33. Bd3+ Kh5 34. g4+ Kh4 35. g3+ Kh3 36. Rh7 Kh2 37. Rxh6+ Kg1 38. Be4 gxf4 39. gxf4 Kf1 40. Rh1# 1-0